[Event "ROM-ch U10 Boys"]
[Site "Voineasa"]
[Date "2008.04.15"]
[Round "6"]
[White "Statescu Enescu, Ioan"]
[Black "Chiriac, Rares"]
[Result "1-0"]
[WhiteElo "548"]
[BlackElo "458"]
[PlyCount "69"]
[EventDate "2008.04.08"]
[EventType "swiss"]
[EventRounds "9"]
[EventCountry "ROU"]
[SourceTitle "EXT 2013"]
[Source "ChessBase"]
[SourceDate "2012.11.22"]
[SourceVersion "1"]
[SourceVersionDate "2012.11.22"]
[SourceQuality "1"]

1. d4 Nf6 2. c4 g6 3. Nf3 d5 4. Nc3 Bg7 5. e3 Nc6 6. a3 Bg4 7. Bd3 0-0 8. 0-0 e5 9. cxd5 Nxd5 10. Be2 Bxf3 11. Bxf3 Nxc3 12. bxc3 exd4 13. exd4 Na5 14. Be3 Nc6 15. Rb1 Rb8 16. d5 Ne7 17. Bxa7 Ra8 18. Bc5 Bxc3 19. Rb3 Bg7 20. Re1 Bf6 21. Rxb7 Re8 22. d6 cxd6 23. Bb6 Qc8 24. Rc7 Qb8 25. Bxa8 Qxa8 26. Qxd6 Nf5 27. Rxe8+ Qxe8 28. Qd1 Qa8 29. g3 Qxa3 30. Qd7 Qa1+ 31. Kg2 Qa8+ 32. Rb7 Ne7 33. Bc5 Nd5 34. Qxf7+ Kh8 35. Qxh7# 1-0